[Event "IV Niterói Chess Open 2024"]
[Site "Rio de Janeiro"]
[Date "2024.08.31"]
[Round "6"]
[White "Martins, Gustavo Faria"]
[Black "Cardoso, Rafaela Martins"]
[Result "1/2-1/2"]
[WhiteElo "1701"]
[BlackElo "1657"]
[Annotator "Chessbase"]
[PlyCount "21"]
[EventDate "2024.08.28"]
[EventRounds "7"]
[EventCountry "BRA"]

1. e4 e5 2. Nf3 Nc6 3. Bc4 Bc5 4. O-O Nf6 5. d3 h6 6. Nc3 a6 7. Be3 Bxe3 8. fxe3 O-O ({RR} 8... d6 9. a3 Be6 10. Nd2 O-O 11. Nd5 Bxd5 12. exd5 Nb8 13. a4 a5 14. Nb1 Nbd7 15. Nc3 Qe7 16. Qe1 Nh7 17. Qg3 Kh8 18. e4 g6 19. Nb5 Nc5 20. Rf2 Rg8 21. Qh3 h5 22. Raf1 Rg7 23. b3 {1-0 Abdusattorov,N (2716)-Radjabov,T (2745) Tata Steel IND Blitz Open 2023 (12.4)}) 9. a3 d6 10. h3 $146 ({RR} 10. d4 b5 11. Ba2 Bg4 12. Qd3 Bxf3 13. Rxf3 Ne7 14. Ne2 Qc8 15. Ng3 Qg4 16. Raf1 Qh4 17. c4 bxc4 18. Qxc4 c6 19. Qb4 Rad8 20. h3 a5 21. Qxa5 d5 22. exd5 exd4 23. dxc6 dxe3 24. Qc5 Ne4 {½-½ Adams,M (2672)-Royal,S (2487) 110th ch-GBR 2024 (9.3)}) ({RR} 10. Qe1 b5 11. Ba2 Bd7 12. d4 Re8 13. Rd1 Rb8 14. Nh4 a5 15. Qf2 Kh7 16. Bxf7 Rf8 17. Bg6+ Kg8 18. Bf5 b4 19. Nd5 Nxe4 20. Qf3 Qxh4 21. Qxe4 Qxe4 22. Bxe4 Rbc8 23. dxe5 dxe5 24. Nxb4 axb4 {1-0 Walterova,E (1324)-Jancovicova,P (1708) SVK-ch U16/U20 Girls 2018 (8)}) 10... Be6 11. Bxe6 1/2-1/2

[Event "IV Niterói Chess Open 2024"]
[Site "Rio de Janeiro"]
[Date "2024.08.31"]
[Round "6"]
[White "Vaz, Vania Dora Madona"]
[Black "Vieira, Luana Saddi"]
[Result "0-1"]
[WhiteElo "1502"]
[BlackElo "1705"]
[Annotator "Chessbase"]
[PlyCount "78"]
[EventDate "2024.08.28"]
[EventRounds "7"]
[EventCountry "BRA"]

1. e4 e5 2. Nf3 Nc6 3. Bc4 Bc5 4. d3 Nf6 5. Nc3 d6 6. Na4 Bb6 7. a3 Ne7 ({RR} 7... h6 8. O-O O-O 9. Re1 Re8 10. b4 Ne7 11. Nxb6 axb6 12. Nh4 Bg4 13. Qd2 Qd7 14. f4 exf4 15. Qxf4 d5 16. Bb3 dxe4 17. dxe4 Qd4+ 18. Be3 Qxe4 19. Qf2 Qc6 20. Bd4 b5 21. h3 Bd7 22. Re3 {0-1 Abdusattorov,N (2677)-Ding,L (2808) Chess.com Rapid Losers 2022 (2.2)}) ({RR} 7... h6 8. h3 Be6 9. Qe2 O-O 10. Bd2 Bxc4 11. dxc4 Nd4 12. Nxd4 Bxd4 13. c3 Bb6 14. g4 Qd7 15. b3 c6 16. O-O-O d5 17. exd5 cxd5 18. g5 hxg5 19. Bxg5 Qf5 20. Bxf6 Qxf6 21. c5 Bxc5 22. Nxc5 {1-0 Ninov,N (2365)-Peng,X (2230) Wuerttemberg Masters 2024 (5.5)}) 8. O-O Ng6 9. b4 $146 ({RR} 9. h3 O-O 10. b4 h6 11. Re1 Re8 12. Bb3 Nh5 13. Nxb6 axb6 14. Ng5 hxg5 15. Qxh5 Be6 16. Bxe6 Rxe6 17. Bxg5 Qd7 18. c4 b5 19. Qg4 bxc4 20. dxc4 Qc6 21. h4 Nf8 22. h5 Nh7 23. Re3 Qxc4 {1-0 Aronian,L (2772)-Mikhalevski,V (2562) Wch Blitz Warsaw 2021 (2)}) 9... O-O 10. Nxb6 axb6 11. h3 Be6 12. Nd2 Qd7 13. Bxe6 fxe6 14. Nf3 h6 15. Re1 Qf7 16. d4 exd4 17. Qxd4 e5 18. Qe3 Nh5 19. Qb3 Nhf4 20. Qxf7+ Rxf7 21. Bb2 Nxh3+ 22. Kf1 Raf8 23. Re3 Ng5 24. Rd1 Nxf3 25. gxf3 Rxf3 26. Rxf3 Rxf3 27. Rd3 Rf4 28. f3 Rh4 29. Ke1 Nf4 30. Rd1 h5 31. Bc1 Rh2 32. Bxf4 exf4 33. c4 h4 34. Rd5 g6 35. Rg5 Kg7 36. Kf1 h3 37. Rg4 Ra2 38. Rxf4 Ra1+ 39. Kf2 h2 0-1

[Event "IV Niterói Chess Open 2024"]
[Site "Rio de Janeiro"]
[Date "2024.08.29"]
[Round "3"]
[Board "41"]
[White "De Moura Silva, Guilherme"]
[Black "Videira, Matheus Martins"]
[Result "1-0"]
[WhiteElo "1916"]
[BlackElo "1830"]
[Annotator "Chessbase"]
[PlyCount "75"]
[EventDate "2024.08.28"]
[EventRounds "7"]
[EventCountry "BRA"]

1. e4 e5 2. Nf3 Nc6 3. Bc4 Bc5 4. O-O Nf6 5. d4 Bxd4 6. Nxd4 Nxd4 7. Bg5 b5 ({RR} 7... Ne6 8. Bh4 h6 9. Bxe6 dxe6 10. Qxd8+ Kxd8 11. f4 Ke8 12. Nc3 Bd7 13. fxe5 Ng4 14. Bg3 Ne3 15. Rf2 Bc6 16. b3 Ng4 17. Rf3 f6 18. exf6 Nxf6 19. Bxc7 Nxe4 20. Re1 Nxc3 21. Rxc3 Rf8 22. Rce3 {1-0 Abdusattorov,N (2627)-Nakamura,H (2736) Titled Tuesday intern op 21st July blitz 2020 (7)}) 8. Bd5 c6 9. f4 $146 ({RR} 9. Bb3 a5 10. c3 Ne6 11. Bh4 O-O 12. Nd2 a4 13. Bc2 Nf4 14. Nf3 Ng6 15. Bg5 d6 16. Qe2 h6 17. Be3 Bg4 18. h3 Be6 19. Rad1 Qc8 20. Bb1 d5 21. exd5 Bxd5 22. Bc5 Re8 23. Rfe1 Nf4 {0-1 Vargas,M (2000)-Gulamirian,K (1890) Titled Tue 21st May Late 2024 (10)}) 9... Qb6 10. fxe5 Nxd5 11. exd5 Nf3+ 12. Kh1 Nxg5 13. Qg4 Qd8 14. h4 h6 15. Nc3 Ba6 16. b4 Qb6 17. e6 dxe6 18. dxe6 Nxe6 19. Rxf7 O-O-O 20. Qxe6+ Kb8 21. Qe5+ Ka8 22. Rxg7 Rhe8 23. Re7 Rxe7 24. Qxe7 Qd4 25. Rd1 Qxd1+ 26. Nxd1 Rxd1+ 27. Kh2 Kb8 28. Qf8+ Kc7 29. Qxh6 Bb7 30. Qf4+ Kb6 31. h5 Rd8 32. h6 Re8 33. h7 c5 34. Qd6+ Bc6 35. Qxc5+ Kb7 36. Qh5 Rh8 37. Qf7+ Kb6 38. Qg8 1-0

[Event "IV Niterói Chess Open 2024"]
[Site "Rio de Janeiro"]
[Date "2024.08.29"]
[Round "3"]
[Board "23"]
[White "Da Cunha, Fabio Barbosa"]
[Black "De Souza, Roberto Fabelino"]
[Result "1-0"]
[WhiteElo "2034"]
[BlackElo "1831"]
[Annotator "Chessbase"]
[PlyCount "77"]
[EventDate "2024.08.28"]
[EventRounds "7"]
[EventCountry "BRA"]

1. e4 e5 2. Nf3 Nc6 3. Bc4 f5 4. d3 Bc5 5. Ng5 Nf6 6. Nf7 Qe7 7. Nxh8 Ng4 $146 ({RR} 7... f4 8. Nc3 d6 9. Nd5 Nxd5 10. Qh5+ g6 11. Nxg6 hxg6 12. Qxg6+ Kd8 13. Qg8+ Kd7 14. Bxd5 Nd4 15. Bb3 Qh4 16. Rf1 Kc6 17. c3 Nxb3 18. Qd5+ Kd7 19. axb3 c6 20. Qf7+ Kd8 21. d4 exd4 22. Bxf4 {½-½ Tregubov,P (2567)-Bharath,S (2515) Titled Tue 23rd Jan Early 2024 (10)}) 8. O-O Qh4 9. h3 Nxf2 10. Rxf2 Qxf2+ 11. Kh1 f4 12. Nd2 d6 13. Nf3 Nd4 14. Nxd4 Bxd4 15. Bxf4 exf4 16. Qh5+ g6 17. Qxh7 Bxh8 18. Qxh8+ Kd7 19. Qg7+ Kc6 20. Bd5+ Kb6 21. e5 c6 22. Qxg6 cxd5 23. Qxd6+ Ka5 24. b4+ Ka4 25. Qxd5 Qb6 26. Qb3+ Kb5 27. a4+ Kc6 28. Qc4+ Kd7 29. Qxf4 Qg6 30. Qc4 Ke8 31. Rf1 Bd7 32. Rf6 Qg7 33. b5 Rc8 34. Qb3 a6 35. c4 Qg3 36. Qb4 Qg7 37. Qd6 Rd8 38. Qc7 axb5 39. Re6+ 1-0

[Event "IV Niterói Chess Open 2024"]
[Site "Rio de Janeiro"]
[Date "2024.08.28"]
[Round "1"]
[Board "54"]
[White "Videira, Matheus Martins"]
[Black "Santos, Abel Cardoso Dos"]
[Result "0-1"]
[WhiteElo "1830"]
[BlackElo "1923"]
[Annotator "Chessbase"]
[PlyCount "138"]
[EventDate "2024.08.28"]
[EventRounds "7"]
[EventCountry "BRA"]

1. e4 e5 2. Nf3 Nc6 3. Bc4 Nf6 4. d3 h6 5. Nc3 Bc5 6. h3 d6 7. Ne2 Na5 ({RR} 7... O-O 8. Ng3 d5 9. exd5 Nxd5 10. O-O Re8 11. Re1 a6 12. c3 Nf6 13. Be3 Bf8 14. b4 Be6 15. Qb3 Qd7 16. Rad1 Nd5 17. Bc5 b5 18. Bxf8 Kxf8 19. Qc2 Nf6 20. Bxe6 Rxe6 21. Nd2 Nd5 22. Nde4 {1-0 Vencl,R (2308)-Ignjatovic,P (2271) SRB-chT2 West 2010 (2)}) ({RR} 7... g5 8. c3 Be6 9. Bb3 Qd7 10. Bxe6 fxe6 11. Qa4 Bb6 12. Be3 d5 13. Bxb6 cxb6 14. Ng3 O-O-O 15. O-O-O Kb8 16. Rhe1 Rhe8 17. Kb1 Qd6 18. d4 Nxe4 19. Nxe4 dxe4 20. Rxe4 exd4 21. Nxd4 Ka8 22. Kc1 {0-1 Sidabalok,T (1795)-Safonov,Y (1321) Gran Canaria Online Blitz 2nd 2022 (2)}) 8. Bb3 c6 $146 ({RR} 8... Nxb3 9. axb3 O-O 10. Ng3 Re8 11. O-O d5 12. Qe2 c6 13. Be3 d4 14. Bd2 Bf8 15. Nh2 Bd6 16. Ng4 Qe7 17. Qf3 Nxg4 18. hxg4 Qh4 19. Nf5 Bxf5 20. gxf5 Be7 21. Qe2 Bg5 22. Be1 Be7 23. Ra5 {1-0 Roy Chowdhury,S (2500)-Katebe,L Commonwealth & RSA op 2013 (11)}) ({RR} 8... Nxb3 9. axb3 a6 10. Ng3 Ba7 11. O-O Be6 12. Bd2 Qd7 13. Kh2 g5 14. Nf5 Bxf5 15. exf5 Qxf5 16. Bc3 g4 17. Ng1 Rg8 18. g3 gxh3 19. Nxh3 Ng4+ 20. Kg2 Qg6 21. Qf3 c6 22. Rfe1 O-O-O 23. Re4 {1-0 Samardzic,J-Hajpek,E (1510) CRO-chT U16 final 2016 (6.24)}) ({RR} 8... Nxb3 9. axb3 O-O 10. O-O Be6 11. Be3 Bxe3 12. fxe3 Qd7 13. Nh2 Nh5 14. Qe1 Qe7 15. Ng3 Qg5 16. Nxh5 Qxh5 17. Qg3 f5 18. exf5 Rxf5 19. Rxf5 Bxf5 20. Qf3 Qxf3 21. Nxf3 g5 22. b4 Kg7 23. Ne1 {½-½ Markert,K (1752)-Decker,A (1909) Ruhrgebiet Verbandsbezirksliga Gr 1 2018 (3.3)}) 9. Bd2 Nxb3 10. axb3 O-O 11. O-O Re8 12. Ng3 d5 13. Bc3 d4 14. Ba5 b6 15. Bd2 Bf8 16. Re1 g6 17. Qc1 Kh7 18. Nh2 Bg7 19. f4 exf4 20. Bxf4 Be6 21. Nf3 c5 22. Be5 Qc8 23. Bxf6 Bxf6 24. Qf4 Bg7 25. Qh4 f6 26. Nf1 Qc7 27. Qg3 Qf7 28. N1d2 Rad8 29. Nc4 Bf8 30. Rf1 Qg7 31. Nh4 Rd7 32. Nf3 Be7 33. Nh2 Rf8 34. Kh1 Bd8 35. Qe1 Be7 36. Ra6 Bd8 37. Qg3 Bc7 38. Qe1 Bb8 39. Ra1 f5 40. exf5 Bxf5 41. g4 Re7 42. Qd1 Bc8 43. Kg1 Bxh2+ 44. Kxh2 Rfe8 45. Rf2 b5 46. Nd2 Qe5+ 47. Kg2 h5 48. Qf1 Bb7+ 49. Nf3 h4 50. Kg1 Qg3+ 51. Qg2 Re1+ 52. Rf1 Rxa1 53. Rxa1 Qxf3 54. Qxf3 Bxf3 55. Rxa7+ Kh6 56. Kf2 Bd1 57. Rb7 b4 58. c3 dxc3 59. bxc3 bxc3 60. Ra7 Bxb3 61. Ra1 c2 62. Rc1 Kg5 63. Kf3 Re7 64. Ra1 Bd5+ 65. Kf2 Kf4 66. Rc1 Bb3 67. Ra1 c4 68. dxc4 Bxc4 69. Kg1 Rd7 0-1

[Event "IV Niterói Chess Open 2024"]
[Site "Rio de Janeiro"]
[Date "2024.08.29"]
[Round "2"]
[Board "23"]
[White "Nascimento, Luiz Eduardo Da Trindade"]
[Black "Azevedo Junior, Jose Ferreira"]
[Result "0-1"]
[WhiteElo "1872"]
[BlackElo "2057"]
[Annotator "Chessbase"]
[PlyCount "136"]
[EventDate "2024.08.28"]
[EventRounds "7"]
[EventCountry "BRA"]

1. e4 e5 2. Nf3 Nc6 3. Bc4 Bc5 4. O-O Nf6 5. Nc3 d6 6. h3 O-O 7. d3 h6 8. Ne2 Na5 ({RR} 8... Bb6 9. Ng3 Kh7 10. Re1 Ng8 11. c3 Na5 12. Bb5 Bd7 13. Bxd7 Qxd7 14. d4 exd4 15. Nxd4 g6 16. a4 a6 17. Kh1 d5 18. e5 c5 19. e6 fxe6 20. Nxe6 Rxf2 21. b4 cxb4 22. Qg4 Rf7 23. Qh4 {1-0 Kornasiewicz,J (2165)-Dudek,A (2059) POL-chT 2nd League 2004 (8)}) 9. Bb3 ({RR} 9. Ng3 Nxc4 10. dxc4 Be6 11. b3 Re8 12. Re1 c6 13. Be3 Qb6 14. Bxc5 Qxc5 15. Re2 Rad8 16. Rd2 d5 17. Nxe5 Qe7 18. exd5 cxd5 19. cxd5 Bxd5 20. Nc4 Qc7 21. Ne3 Bc6 22. Nh5 Rxd2 23. Nxf6+ Kh8 {0-1 Telechea Zas,J (1788)-Garcia,W (1599) Rocha op 2022 (4)}) 9... Nxb3 10. axb3 Nh7 11. c3 $146 ({RR} 11. Ng3 Qf6 12. Kh2 Qe7 13. Be3 Bxe3 14. fxe3 f5 15. exf5 Bxf5 16. e4 Be6 17. Qd2 a6 18. d4 exd4 19. Qxd4 Ng5 20. Nh4 Bf7 21. Nhf5 Qe5 22. Qb4 b5 23. Qa5 Nxe4 24. Rae1 d5 25. Re3 Bg6 {0-1 Opolski,W-Cholewa,M Poznan op-B 2003 (6)}) ({RR} 11. Ng3 f5 12. exf5 Bxf5 13. Be3 Bb6 14. d4 e4 15. Nd2 d5 16. f3 exf3 17. Nxf3 c6 18. Ne5 Be6 19. Qd3 Bc7 20. Bxh6 Bxe5 21. dxe5 Ng5 22. Qg6 Nxh3+ 23. gxh3 Qe7 24. Bg5 Qd7 25. Nh5 Rxf1+ {1-0 Roewekamp,A (1625)-Krueler,A (1497) Steinfurt Bezirksliga 1516 2015 (3.4)}) ({RR} 11. Ng3 f5 12. Nxf5 Bxf5 13. exf5 Rxf5 14. Be3 Bxe3 15. fxe3 a6 16. Qe1 Qd7 17. Qg3 Qc6 18. Rf2 Raf8 19. Ra4 Ng5 20. Rg4 Nxf3+ 21. Rxf3 R5f7 22. Rxf7 Rxf7 23. Rc4 Qb6 24. Kh2 Qa5 25. Qg4 Qe1 {½-½ Majdoub,M-Derouiche,M (1483) TUN-ch U18 Monastir 2021 (5)}) 11... f5 12. Ng3 Bb6 13. d4 fxe4 14. Nxe4 exd4 15. cxd4 Bf5 16. Ng3 Qf6 17. Nxf5 Qxf5 18. Be3 Nf6 19. Re1 Rae8 20. Nd2 Ne4 21. Nxe4 Rxe4 22. Qd2 Rfe8 23. Ra4 Qd5 24. Rd1 Qxb3 25. Ra3 Qd5 26. Rd3 R4e6 27. Bf4 Qf5 28. Rf3 Qa5 29. b4 Qd5 30. Rg3 Kh7 31. Be3 Rg6 32. Rxg6 Kxg6 33. Qe2 Kh7 34. Qg4 Qe6 35. Qf3 Qe4 36. Qf7 Re7 37. Qf8 c6 38. Re1 Qh4 39. Qf5+ Kg8 40. Qc8+ Kf7 41. Rd1 d5 42. b5 Qf6 43. bxc6 bxc6 44. Rd3 Qe6 45. Qa6 Kg8 46. Bd2 Qg6 47. Re3 Rxe3 48. Bxe3 Kh7 49. Qc8 Qf6 50. Qg4 a5 51. Qd1 Kh8 52. Qa4 Bc7 53. Kf1 Qg6 54. Ke2 Qe6 55. Qb3 Qe8 56. Qa4 Qa8 57. Bd2 Qa6+ 58. Ke1 Bd8 59. Qa3 Bf6 60. Be3 a4 61. g4 Qc4 62. h4 Bxd4 63. Qf8+ Kh7 64. Qf3 g6 65. Qf7+ Bg7 66. h5 Qc3+ 67. Bd2 Qe5+ 68. Kd1 gxh5 0-1

[Event "IV Niterói Chess Open 2024"]
[Site "Rio de Janeiro"]
[Date "2024.08.29"]
[Round "2"]
[Board "45"]
[White "Martins, Gustavo Faria"]
[Black "Santana, Leandro Aurelio Da S"]
[Result "1/2-1/2"]
[WhiteElo "1701"]
[BlackElo "1845"]
[Annotator "Chessbase"]
[PlyCount "81"]
[EventDate "2024.08.28"]
[EventRounds "7"]
[EventCountry "BRA"]

1. e4 e5 2. Nf3 Nc6 3. Bc4 Bc5 4. O-O Nf6 5. d3 O-O 6. Nc3 d6 7. Na4 Bb6 ({RR} 7... Na5 8. Nxc5 Nxc4 9. dxc4 dxc5 10. Nxe5 Qxd1 11. Rxd1 Nxe4 12. Bf4 Nd6 13. b3 g5 14. Bg3 f6 15. Nf3 Rd8 16. Rd5 Be6 17. Rxc5 Ne8 18. Bxc7 Rdc8 19. Nxg5 Nxc7 20. Rxc7 Rxc7 21. Nxe6 Rd7 22. Nf4 {½-½ Gavrilescu,D (2526)-Nasuta,G (2544) 59th Rubinstein Mem GM 2023 (2.3)}) 8. a3 Bg4 9. b4 $146 ({RR} 9. h3 Bh5 10. c3 d5 11. Nxb6 axb6 12. exd5 Nxd5 13. Re1 Re8 14. g4 Bg6 15. Bg5 Qd6 16. Nh4 Nf4 17. Bxf4 exf4 18. Nxg6 Qxg6 19. d4 h5 20. Bd3 Qg5 21. Qf3 hxg4 22. hxg4 f5 23. Bxf5 Ne7 {1-0 Kosteniuk,A (2501)-Devanshi,R (1559) Swiss Queens Wed #2 2024 (1.139)}) 9... Nd4 10. c3 Nxf3+ 11. gxf3 Bh5 12. Bg5 h6 13. Bh4 g5 14. Bg3 c6 15. Nxb6 Qxb6 16. Bb3 Rad8 17. Kg2 Kg7 18. d4 Rfe8 19. dxe5 dxe5 20. Qc2 Bg6 21. Rfe1 Nh5 22. Rad1 Nf4+ 23. Bxf4 gxf4 24. Qe2 Qc7 25. Rg1 Rxd1 26. Qxd1 Rd8 27. Qe2 Rd6 28. Rd1 a6 29. h3 Qd7 30. Rxd6 Qxd6 31. Qd1 Qxd1 32. Bxd1 Kf6 33. c4 b6 34. c5 bxc5 35. bxc5 Ke7 36. h4 h5 37. a4 a5 38. Kf1 f5 39. Bc2 fxe4 40. Bxe4 Bxe4 41. fxe4 1/2-1/2

[Event "IV Niterói Chess Open 2024"]
[Site "Rio de Janeiro"]
[Date "2024.08.31"]
[Round "5"]
[Board "5"]
[White "Lujan, Carolina"]
[Black "Rangel, Daniel"]
[Result "1/2-1/2"]
[WhiteElo "2262"]
[BlackElo "2198"]
[Annotator "Chessbase"]
[PlyCount "79"]
[EventDate "2024.08.28"]
[EventRounds "7"]
[EventCountry "BRA"]

1. e4 e5 2. Nf3 Nc6 3. Bc4 Bc5 4. d3 Nf6 5. O-O d6 6. c3 a5 7. Bb3 Ba7 8. Re1 h6 9. Nbd2 O-O 10. Nf1 Be6 11. Ba4 Ne7 12. Be3 $146 ({RR} 12. d4 Ng6 13. h3 c6 14. Bc2 b5 15. Be3 a4 16. b3 axb3 17. axb3 Qc7 18. Ng3 Bb6 19. Qd2 Rfe8 20. Bxh6 gxh6 21. Qxh6 Qe7 22. d5 Bd7 23. dxc6 Bxc6 24. Nf5 Qf8 25. Rad1 Rad8 26. Ng5 Bc7 {0-1 Kramnik,V (2753)-Esipenko,A (2704) Kramnik-Esipenko Blitz 2024 (5)}) 12... Qb8 13. Bc2 Ng6 14. h3 b5 15. Ng3 Bxe3 16. fxe3 Qb6 17. Qd2 b4 18. Rf1 c5 19. c4 a4 20. Bd1 a3 21. b3 Kh7 22. Nh2 Ng8 23. Bh5 N6e7 24. Bg4 Qc7 25. Rf3 Bxg4 26. Nxg4 Ng6 27. Nf5 N6e7 28. Ng3 Ng6 29. Nf5 N6e7 30. Qf2 Nxf5 31. Rxf5 g6 32. Nf6+ Nxf6 33. Rxf6 h5 34. Rf1 Kg7 35. Qh4 Rae8 36. R1f3 Qe7 37. Qf2 Rd8 38. Qh4 Rde8 39. Qf2 Rd8 40. Qh4 1/2-1/2

[Event "IV Niterói Chess Open 2024"]
[Site "Rio de Janeiro"]
[Date "2024.08.29"]
[Round "2"]
[Board "38"]
[White "Lopes, Eduardo Moraes"]
[Black "Vieira, Luana Saddi"]
[Result "0-1"]
[WhiteElo "1933"]
[BlackElo "1705"]
[Annotator "Chessbase"]
[PlyCount "196"]
[EventDate "2024.08.28"]
[EventRounds "7"]
[EventCountry "BRA"]

1. e4 e5 2. Nf3 Nc6 3. Bc4 Bc5 4. d3 Nf6 5. O-O d6 6. c3 O-O 7. Nbd2 Bb6 8. Bb3 Ne7 9. h3 Ng6 10. Nc4 Be6 11. Ng5 Bxc4 12. Bxc4 c6 13. Bb3 h6 14. Nf3 d5 15. Qe2 Qc7 $146 ({RR} 15... Nh5 16. d4 Nhf4 17. Qc2 exd4 18. cxd4 dxe4 19. Qxe4 Qf6 20. Ne5 Rad8 21. Bxf4 Nxf4 22. Rad1 Bxd4 23. Ng4 Qg5 24. g3 Nxh3+ 25. Kg2 h5 26. Rxd4 Rxd4 27. Qxd4 hxg4 28. Qxa7 Rd8 29. Qxb7 Qf6 30. Qb4 {0-1 Sanchez,L (2284)-Turzo,A (2352) Budapest FS05 IM-A 2006 (6)}) 16. Nh2 Rad8 17. Ng4 Qe7 18. Qf3 Nxg4 19. Qxg4 Rd6 20. Be3 Nh4 21. Qe2 d4 22. cxd4 Bxd4 23. Bxd4 Rxd4 24. Rfd1 Rfd8 25. Rac1 Ng6 26. g3 Qg5 27. Kh2 a5 28. Qf3 R8d7 29. a3 Qe7 30. Rc4 Nf8 31. Rxd4 Rxd4 32. Qe3 a4 33. Ba2 Nd7 34. f4 Nc5 35. fxe5 Qxe5 36. Qf3 Rd7 37. Rf1 Ne6 38. Bxe6 Qxe6 39. Qd1 Qe5 40. Qe2 Qd4 41. Rf3 Re7 42. Qf2 Qxf2+ 43. Rxf2 f6 44. Rc2 Rd7 45. Rc3 Kf7 46. Kg2 Ke6 47. Kf3 f5 48. Ke3 fxe4 49. Kxe4 Kd6 50. Rc4 Re7+ 51. Kf3 b5 52. Re4 Rf7+ 53. Ke3 Rf5 54. d4 Kd5 55. Re7 Rg5 56. Kf4 Kxd4 57. Re6 Kd5 58. Re8 g6 59. g4 Kc4 60. Re6 Rc5 61. Rxg6 Kb3 62. Rxh6 Kxb2 63. g5 Rc1 64. Rh4 Rf1+ 65. Ke5 Rf8 66. Kd6 c5 67. Rg4 c4 68. Ke7 Ra8 69. h4 c3 70. h5 Kxa3 71. g6 c2 72. Rg1 Kb2 73. h6 c1=Q 74. Rxc1 Kxc1 75. h7 a3 76. g7 a2 77. h8=Q a1=Q 78. Qh1+ Kb2 79. Qg2+ Kb3 80. Qd5+ Kb4 81. Qe4+ Kc5 82. Qc2+ Kb6 83. Qg6+ Ka5 84. g8=Q Qa3+ 85. Kd7 Rxg8 86. Qxg8 Qd3+ 87. Ke7 Qe4+ 88. Kf6 Qc6+ 89. Ke7 Qc4 90. Qa8+ Kb4 91. Qa1 Qe4+ 92. Kf7 Kb3 93. Kg8 b4 94. Kf7 Qc2 95. Kg8 Qc4+ 96. Kh7 Kc2 97. Qa4+ Kb2 98. Kh8 Qc3+ 0-1

[Event "IV Niterói Chess Open 2024"]
[Site "Rio de Janeiro"]
[Date "2024.08.29"]
[Round "3"]
[Board "7"]
[White "Filgueiras, Nathan Felipe"]
[Black "Okamura, Milton Kasuo"]
[Result "1-0"]
[WhiteElo "2316"]
[BlackElo "2004"]
[Annotator "Chessbase"]
[PlyCount "43"]
[EventDate "2024.08.28"]
[EventRounds "7"]
[EventCountry "BRA"]

1. e4 e5 2. Nf3 Nc6 3. Bc4 Bc5 4. O-O Nf6 5. d3 d6 6. c3 O-O 7. h3 h6 8. Re1 a6 9. Bb3 Ba7 10. Nbd2 Ne7 11. Nf1 Ng6 12. Ng3 Re8 13. d4 Be6 14. Bc2 c6 15. Be3 Qc7 16. Nf5 b5 17. Qd2 Bxf5 18. exf5 Nf8 19. Bxh6 gxh6 20. Qxh6 N8h7 21. Ng5 Qe7 $146 ({RR} 21... Qd8 22. Nxh7 Nxh7 23. f6 Nxf6 24. Re3 {1-0 Zhang,J (2089)-Litvinov,M (2238) World ol U16 2014 (2.4)}) 22. Nxh7 1-0

[Event "IV Niterói Chess Open 2024"]
[Site "Rio de Janeiro"]
[Date "2024.08.30"]
[Round "4"]
[Board "38"]
[White "Sarmento, Flora Ferreira"]
[Black "Dos Santos, Leonardo Lopes"]
[Result "0-1"]
[WhiteElo "1608"]
[BlackElo "1860"]
[Annotator "Chessbase"]
[PlyCount "120"]
[EventDate "2024.08.28"]
[EventRounds "7"]
[EventCountry "BRA"]

1. e4 e5 2. Nf3 Nc6 3. Bc4 Bc5 4. c3 Nf6 5. d4 exd4 6. cxd4 Bb4+ 7. Nc3 d5 8. exd5 Nxd5 9. O-O Bxc3 10. bxc3 O-O 11. Bg5 ({RR} 11. Bd2 Be6 12. Bd3 Bg4 13. Rb1 Rb8 14. Re1 Qf6 15. Be4 Nb6 16. Qc2 g6 17. Bg5 Qd6 18. h3 Be6 19. Bh6 Rfe8 20. Qd2 Bd5 21. Bxd5 Qxd5 22. Qf4 Qd6 23. Qh4 Ne7 24. Bf4 Qa3 25. Ng5 h5 {1-0 Garcia Pantoja,R (2526)-Karamsetty,J (2206) Titled Tuesday intern op 09th Feb blitz 2021 (5)}) 11... Qd6 12. Qc2 Be6 $146 ({RR} 12... Re8 13. Bh4 h6 14. Bg3 Qd8 15. Rfe1 Be6 16. Bb3 a5 17. a3 Qf6 18. c4 Bf5 19. Qd2 Nde7 20. d5 a4 21. Ba2 Na5 22. Bxc7 Nb3 23. Bxb3 axb3 24. Nd4 Rec8 25. d6 Nc6 26. Nxb3 Ne5 27. Qd4 {1-0 Ricciardi,G (1599)-Chavarria,B (1963) ARG-ch 85th Buenos Aires 2010 (6)}) ({RR} 12... Bg4 13. Qe4 Be6 14. Bd3 f5 15. Qh4 Nxc3 16. d5 Bxd5 17. Bf4 Qf6 18. Bg5 Qg6 19. Nd2 h6 20. f4 hxg5 21. fxg5 Ne4 22. Nf3 Rae8 23. Rad1 Ne5 24. Nxe5 Rxe5 25. Qf4 Rfe8 26. h4 Qb6+ 27. Kh2 {0-1 Ambrogi,A (2226)-Jonkman,H (2329) Titled Tue 27th Feb Late 2024 (8)}) ({RR} 12... Re8 13. Rfe1 Be6 14. Bh4 Ne3 15. Rxe3 Bxc4 16. Rae1 Rxe3 17. Rxe3 h6 18. Qb2 b6 19. Ne5 Nxe5 20. Rxe5 f6 21. Re3 c5 22. Bg3 Qd7 23. h3 cxd4 24. cxd4 Rd8 25. Qa3 a6 26. Re7 Qxd4 27. Bc7 {0-1 Schettki,M (1729)-Kilkowski,M (1955) Ruhrgebiet VK1 0001 2000 (9)}) ({RR} 12... h6 13. Bh4 Be6 14. Bg3 Qd7 15. Bd3 Kh8 16. Ne5 Nxe5 17. Bxe5 f6 18. Bg3 Bg8 19. Rab1 Nb6 20. Be4 c6 21. Bg6 Qg4 22. Bf5 Qh5 23. Rfe1 Bxa2 24. Rb2 Bc4 25. h3 Qf7 26. Bd6 Rfe8 27. Rbb1 {1-0 Schulte,F (1738)-Fabiunke,J (1523) GER-chT North U14 2013 (7.2)}) 13. Rad1 Rfe8 14. Bxd5 Qxd5 15. Rd2 a6 16. Rfd1 b5 17. Bf4 Bg4 18. Qd3 Re7 19. h3 Bf5 20. Qf1 Bxh3 21. Re1 Bg4 22. Rxe7 Nxe7 23. Qe2 Bxf3 24. gxf3 Qd7 25. Qe4 Re8 26. Re2 c6 27. Kg2 h6 28. Bg3 f6 29. f4 Kf7 30. f3 Nd5 31. Qxe8+ Qxe8 32. Rxe8 Kxe8 33. Be1 Nxf4+ 34. Kg3 Nd5 35. Bd2 Kf7 36. Kg4 Kg6 37. Kg3 Kh5 38. Kh3 f5 39. Kg3 g5 40. Kh3 Kg6 41. Kg3 h5 42. Kh3 h4 43. Kg2 g4 44. f4 Kh5 45. Kf2 Nf6 46. Kg2 Ne4 47. Be1 h3+ 48. Kh2 Kg6 49. Kg1 g3 50. Kf1 h2 51. Kg2 Nf2 52. Bxf2 gxf2 53. Kxf2 h1=Q 54. a3 Kh5 55. d5 cxd5 56. Ke3 Qd1 57. Kf2 Kg4 58. a4 Qd2+ 59. Kg1 Kg3 60. Kf1 Qf2# 0-1

[Event "IV Niterói Chess Open 2024"]
[Site "Rio de Janeiro"]
[Date "2024.08.29"]
[Round "3"]
[Board "25"]
[White "De Sa, Miguel Melro Franco Braga"]
[Black "Oliveira, Tiago Batista"]
[Result "0-1"]
[WhiteElo "1813"]
[BlackElo "1982"]
[Annotator "Chessbase"]
[PlyCount "79"]
[EventDate "2024.08.28"]
[EventRounds "7"]
[EventCountry "BRA"]

1. e4 e5 2. Nf3 Nc6 3. Bc4 Bc5 4. d3 Nf6 5. O-O d6 6. c3 Bb6 7. Re1 h6 8. Nbd2 O-O 9. h3 Ne7 10. Nf1 Ng6 ({RR} 10... c6 11. Bb3 Ng6 12. d4 Re8 13. Ng3 Be6 14. Bc2 Qc7 15. Be3 Rad8 16. Qc1 exd4 17. cxd4 Bc8 18. Bxh6 gxh6 19. Qxh6 Qe7 20. e5 Nh7 21. e6 Bxe6 22. Rxe6 Qxe6 23. Nh5 Bxd4 24. Nxd4 Qe5 25. Nf3 {½-½ Langford,J (1869)-Croad,N (2171) 131st ch-NZL Rapid 2024 (3.5)}) 11. Ng3 c6 12. Bb3 d5 $146 ({RR} 12... Be6 13. d4 Re8 14. Bc2 Qd7 15. Be3 Rad8 16. a4 Qc8 17. Qc1 exd4 18. cxd4 c5 19. d5 Bxh3 20. gxh3 Qxh3 21. Bd3 Nh4 22. Nxh4 Qxh4 23. Kg2 Ng4 24. Rh1 Qf6 25. a5 Bc7 26. Bf4 Qd4 27. Qd2 {1-0 Gerigk,E (2391)-Eichner,S (2370) BL2-Ost 1516 2015 (8.5)}) ({RR} 12... Re8 13. d4 d5 14. dxe5 Nxe5 15. Nxe5 Rxe5 16. Bf4 Re8 {½-½ Madera,M (1880)-Rzeszowski,D (1940) TCh-POL 2nd League 2023 (2.5)}) 13. exd5 Nxd5 14. d4 exd4 15. Nxd4 Re8 16. Rxe8+ Qxe8 17. Bd2 Qe5 18. Qf3 Nh4 19. Qe2 Qxe2 20. Ngxe2 Nf5 21. Re1 Bd7 22. Bc2 Nd6 23. Nf4 Nf6 24. Bd3 Rd8 25. Bf1 Nde4 26. Be3 g5 27. Nd3 c5 28. Nf3 Bf5 29. Nde5 Nd5 30. Bc1 f6 31. Nc4 Bc7 32. Ne3 Nxe3 33. Bxe3 Kh7 34. Rc1 Be6 35. c4 f5 36. g3 f4 37. gxf4 gxf4 38. Bd2 Nxd2 39. Nxd2 Rxd2 40. Re1 0-1